Instructor's manual/ test bank/ transparency masters to accompany/ (Record no. 4509)
[ view plain ]
| 000 -LEADER | |
|---|---|
| fixed length control field | 00783nam a22002177a 4500 |
| 020 ## - INTERNATIONAL STANDARD BOOK NUMBER | |
| ISBN | 0030178037 |
| 020 ## - INTERNATIONAL STANDARD BOOK NUMBER | |
| ISBN | 9780030178030 |
| 050 ## - CALL NUMBER | |
| Classification number | HD9988.5 |
| Item number | .H644 |
| 100 ## - AUTHOR | |
| Personal name | K Douglas Hoffman; |
| 110 ## - AUTHOR | |
| CORPORATE AUTHOR | John E G Bateson |
| 245 ## - TITLE | |
| Title | Instructor's manual/ test bank/ transparency masters to accompany/ |
| Remainder of title | Essentials of services marketing |
| Statement of responsibility, etc | -- Marketing. |
| 250 ## - EDITION | |
| Edition statement | 1st ed. |
| 260 ## - PUBLICATION INFORMATION | |
| Place of publication | Fort Worth : |
| Name of publisher | Harcourt Brace College Publishers, |
| Year of publication | 1997 |
| 300 ## - DESCRIPTION | |
| Number of Pages | xvii, 1 vol. 167 p. : |
| Other physical details | illus. ; |
| Dimensions | 28 cm |
| 500 ## - NOTES | |
| General note | Various Paging |
| 505 ## - FORMATTED CONTENTS NOTE | |
| Table of Content | Instructor's Manual <br/>Chapters 1 - 15<br/><br/>Test Bank<br/>Chapters 1 - 15<br/><br/>Teaching Notes<br/>Cases 1 - 9 |
| 650 ## - SUBJECTS | |
| Topical Term | Service industries |
| General subdivision | Marketing. |
| 700 ## - OTHER AUTHORS | |
| Personal name | K. Douglas Hoffman, |
| 710 ## - OTHER AUTHORS | |
| OTHER AUTHORS | John E.G. Bateson. |
| 942 ## - ADDED ENTRY ELEMENTS (KOHA) | |
| Koha item type | Books |
| Withdrawn status | Lost status | Home library | Current library | Shelving location | Date acquired | Full call number | Copy number | Koha item type |
|---|---|---|---|---|---|---|---|---|
| Methodist University Library Tema | Methodist University Library Tema | General Stacks | 18/09/2010 | HD9988.5 .H644 | 19900 | Books |